000 00625cab a22001935a 4500
001 L147134
008 090406e20090327xxk f 000 0 eng d
035 _a(Sirsi) u147134
041 0 _aeng
100 1 _aHeap, Richard
245 0 0 _aBreakdown cover
260 _c2009
490 0 _aProperty Week
_v75(13) 27 March 2009, 52-53(2)
520 _aReports on how surveyors are finding professional indemnity insurance either impossible to find or prohibitively expensive.
590 _aKA
651 4 _aUnited Kingdom
_y
690 _aMANAGEMENT-BUSINESS MANAGEMENT-INSURANCE-PROFESSIONAL INDEMNITY INSURANCE
942 _n0
999 _c81400
_d81400